1468 1029 1252 1283 1243 1710 1640 1330 1478 1561 1121 1748 1549 1481 1906 1590 1695 1468 1199 1352 1772 1563 1073 1609 1808 1885 1916 1327 1348 1385 1339 1627 1594 1982 1847 1236 1396 1029 1693 1020 1809 1430 1538 1189 1566 1139 1549 1940 1863 1937 1254 1327 1973 1119 1996 1166 1044 1529 1355 1468 1293 1826 1375 1986 1685 1946 1095 1589 1630 1734 1848 1430 1498 1474 1678 1773 1550 1814 1362 1161 1721 1988 1380 1884 1285 1637 1518 1024 1026 1868 1440 1675 1239 1915 1287 1649 1182 1824 1212 BCNSPRNW ULIB Ver.6.0+V

เปลี่ยนเป็นภาษาไทย

Change to English
 แสดงรายละเอียดบรรณานุกรม
  กลับหน้าหลัก

Brief Record : Get Marc (ISO 2709) : E-mail record : QR code < ปิดหน้าต่าง
LEADER : 00000nam 2200000uu 4500
001    13399122347
003     ULIB
008    130220s2554||||th 000 0 tha d
099    วจ.WM172^bช376ป
100 0  วัชนี หัตถพนม, ไพรวัลย์ ร่มซ้าย และมัลลิฑา พูนสวัสดิ์
245 00 ประสิทธิผลของกลุ่มบำบัดการปรับความคิดและพฤติกรรมที่มีต่อความคิดอัตโนมัติทางลบและภาวะซึมเศร้าของผู้ป่วยจิตเวช^cโดยวัชนี หัตถพนม, ไพรวัลย์ ร่มซ้าย และมัลลิฑา พูนสวัสดิ์
260    ขอนแก่น:^bโรงพยาบาลจิตเวชขอนแก่นราชนครินทร์,^c2554
300    134 หน้า
500    ได้รับรางวัลผลงานวิชาการดีเด่น ในงานประชุมวิชาการกระทรวงสาธารณสุข ประจำปี 2554
650  7 ภาวะซึมเศร้า^xวิจัย
650  7 ความคิดอัตโนมัติทางลบ^xวิจัย
650  7 ผู้ป่วยจิตเวช
945    ^p0^l0^i033596
999    ^aเกษร โพธิ์สุวรรณ
รายการนี้ยังไม่มีแท็ก
คุณยังไม่ได้ล็อกอิน คุณสามารถมีกิจกรรมร่วมกับเว็บไซต์ได้ แต่ต้องล็อกอินก่อน ::
  ล็อกอิน

รายการสื่อสารสนเทศ

ลำดับที่ ประเภท เลขเรียก/บาร์โค้ด สถานที่ สถานะ
1. งานวิจัย
งานวิจัย
วจ.WM172 ช376ป  
  Barcode: 033596
ห้องสมุดวิทยาเขตสวรรค์ประชารักษ์
►วิจัย
บนชั้น

รายการใกล้เคียง
    หัวเรื่อง [ผู้ป่วยจิตเวช]

BibComment


ยังไม่เคยถูกคอมเมนท์

คอมเมนท์ทรัพยากรรายการนี้
  คอมเมนท์: ประสิทธิผลของกลุ่..


 Copyright 2026. Bcnsprnw @Library